| 000 | 00739nam a2200217 a 4500 | ||
|---|---|---|---|
| 001 | 000025516 | ||
| 005 | 20200930023838.0 | ||
| 008 | 110217s1989 dr 001 0bspa d | ||
| 040 |
_aDO-SdBNP _bspa _cBNPHU |
||
| 082 |
_a922.94 _bS131p |
||
| 100 | 1 |
_aParekh, Manilal Chhotalal, _d1885-1967 _952165 |
|
| 245 | 1 | 3 |
_aLa vida de Sri Swaminarayana / _cBhai Manilal C. Parekh; traducción Mireya Bobadilla. |
| 260 |
_aSanto Domingo : _bTaller, _c1989. |
||
| 300 |
_a263 p. ; _c21 cm. |
||
| 500 | _aIncluye bibliografía y notas al pie de páginas. | ||
| 600 | 1 | 4 |
_aSAHAJANANDA, SWAMI, _d1780-1830 _952166 |
| 650 | 4 |
_aHinduismo _9689 |
|
| 700 | 1 |
_aBobadilla, Mireya, _etr. _952167 |
|
| 910 | _aValidado. Control de calidad EMS. | ||
| 049 | _aBNPD | ||
| 999 |
_c25008 _d25008 |
||